000 00450nam a2200169 i 4500
001 38759
003 ES-MaACL
005 20230906155820.0
007 t|
008 030226s1930 xxu ||||1| eng d
100 1 _aCalverton, V. F.
_933804
245 1 4 _aThe new ground of criticism /
_cby V. F. Calverton.
260 _aWashington :
_bBook Love,
_c1930.
300 _a60 p. ;
_c19 cm.
650 4 _aCriticismo.
_911454
852 _aES-MaACL
_jB-6962
999 _c38759
_d38759